[Event "US-ch Open 2019"]
[Site "Saint Louis"]
[Date "2019.03.29"]
[Round "9.6"]
[White "Shankland, Samuel"]
[Black "Gareyev, Timur"]
[Result "1-0"]
[WhiteElo "2731"]
[BlackElo "2557"]
[Annotator "TA"]
[PlyCount "155"]
[EventDate "2019.03.20"]
[EventType "swiss"]
[EventCountry "USA"]
[SourceTitle "playchess.com"]
[Source "ChessBase"]
[SourceQuality "1"]

{[%evp 9,155,9,12,7,33,31,87,89,100,92,91,99,108,89,122,119,125,118,139,78,95,77,89,70,88,74,60,72,125,126,125,122,129,118,116,113,116,116,136,115,149,116,125,126,167,153,142,146,145,154,144,144,154,144,144,148,152,101,170,169,168,168,169,164,148,151,130,148,141,147,158,156,148,107,152,115,114,114,114,114,119,124,122,114,116,113,118,112,105,106,164,156,226,209,212,216,223,221,193,198,252,250,246,244,206,126,118,110,179,160,186,152,150,110,128,121,243,234,375,375,354,352,321,261,543,536,536,536,536,536,536,529,529,529,529,529,522,514,514,514,507,507,500,489,467,412,405,397]} 1. d4 Nf6 2. c4 e6 3. Nf3 Bb4+ 4. Bd2 a5 5. e3 O-O 6. Bd3 {E11: Bogo-Indian} d6 (6... b6 7. O-O Bb7 8. Qe2 d6 9. Bc1 d5 10. cxd5 exd5 11. Ne5 Re8 12. a3 Bd6 13. f4 Ne4 14. Nc3 f6 15. Bxe4 dxe4 16. Qc4+ {1-0 (16) Gunina,V (2522)-Cramling,P (2518) Beijing 2014}) 7. O-O Re8 (7... Nc6 $14) 8. Bc1 $16 {Strongly threatening a3.White is better.} e5 9. a3 Bc5 $146 ({Predecessor:} 9... Bxa3 10. bxa3 e4 11. Bc2 exf3 12. Qxf3 Nbd7 13. Nc3 {1-0 (51) Schmidt,D (1907)-Dorr,J (1645) GER email 2010}) 10. dxc5 e4 11. cxd6 exd3 12. dxc7 Qxc7 13. Qxd3 Na6 14. b3 (14. Nc3 $142) 14... Nc5 15. Qc2 a4 16. Nbd2 axb3 17. Nxb3 Nxb3 18. Qxb3 Ra5 (18... Ne4 $142) 19. Bb2 Ne4 20. Rfd1 Be6 21. Rd4 Nc5 22. Qc2 {Hoping for Ng5.} Na4 23. Rc1 f6 24. h3 Bf5 25. Qb3 Nc5 26. Qd1 Be4 27. Nd2 Bc6 28. Bc3 Raa8 29. Bb4 Ne6 30. Rd6 Ng5 31. Qg4 Qf7 32. Rd1 h5 33. Qg3 ({White should try} 33. Qf5) 33... Qg6 (33... Ne4 $16 34. Nxe4 Rxe4) 34. h4 $18 Qc2 35. Re1 ({Don't take} 35. hxg5 $6 Qxd1+ 36. Kh2 Qg4 $14) 35... Ne6 36. e4 Rad8 37. Qb3 Qxb3 38. Nxb3 Rxd6 39. Bxd6 Rd8 40. Bb4 Ba4 41. Nd2 Kf7 42. Nf1 Rd4 43. c5 Nf4 44. f3 Nd3 45. Rb1 $1 Bc2 46. Ra1 Ba4 47. Ne3 Nxb4 48. axb4 Rxb4 $16 {[%mdl 4096] Endgame KRB-KRN} 49. Nf5 Bc6 (49... Kg8 $16 {was necessary.} 50. Kh2 g6) 50. Ra8 $18 g6 (50... Rb1+ $16 51. Kf2 g6) 51. Nd6+ Ke6 52. Rg8 $1 b6 53. Rxg6 bxc5 54. Nf5 Bxe4 (54... Be8 $142 55. Rg8 Kd7 56. Rg7+ Kc6 57. Ne7+ Kd6) 55. fxe4 Rxe4 {KRN-KR} 56. Ng3 Rxh4 57. Ne2 Rb4 58. Kf2 Kf5 (58... h4 $16 59. Rg8 Ke5 60. Re8+ Kd6) 59. Rg3 $1 Rc4 60. Rf3+ Kg5 61. Ng1 Rc2+ 62. Kg3 $1 h4+ (62... f5 $16 63. Rf1 Kf6) 63. Kh2 Rc4 (63... c4 {was worth a try.} 64. Nh3+ Kg6) 64. Nh3+ Kg6 65. Nf4+ Kf5 66. Nd5+ Kg5 $2 (66... Ke5) 67. Nxf6 Rd4 {If Black can now play ...c4 this consolidates a bit.} 68. Nh7+ Kh6 {[#]} 69. Nf8 $1 {[%cal Rf8e6]} Rd6 70. Rf7 Rc6 {If only Black now had time for ...c4....} 71. Nd7 c4 72. Ne5 Rc5 {[#]} 73. Ng4+ $1 Kg6 74. Rf2 c3 {intending ...c2.} 75. Ne3 Rg5 76. Rc2 Rc5 77. Nd1 Kg5 78. Rxc3 {Accuracy: White = 80%, Black = 43%.} 1-0

[Event "US-ch Open 2019"]
[Site "Saint Louis"]
[Date "2019.03.30"]
[Round "10.1"]
[White "Nakamura, Hikaru"]
[Black "Dominguez Perez, Leinier"]
[Result "1/2-1/2"]
[WhiteElo "2746"]
[BlackElo "2739"]
[Annotator "TA"]
[PlyCount "57"]
[EventDate "2019.03.20"]
[EventType "swiss"]
[EventCountry "USA"]
[SourceTitle "playchess.com"]
[Source "ChessBase"]
[SourceQuality "1"]

{[%evp 20,57,14,7,7,0,13,0,0,0,0,0,7,0,0,0,23,5,11,9,9,6,16,6,11,0,0,0,0,0,0,-4,0,0,0,-4,0,0,0,-13]} 1. d4 d5 2. c4 e6 3. Nc3 Nf6 4. Nf3 c5 5. cxd5 Nxd5 6. e4 Nxc3 7. bxc3 cxd4 8. cxd4 Bb4+ 9. Bd2 Bxd2+ 10. Qxd2 O-O 11. Rc1 b6 {D41: Queen's Gambit Declined: Semi-Tarrasch with 5 cxd5} 12. Bd3 Bb7 (12... Ba6 13. Bxa6 Nxa6 14. O-O Rc8 15. Rxc8 Qxc8 16. Rc1 Qb7 17. Qc2 Nb4 18. Qc4 a5 19. a3 {½-½ (45) Navara,D (2741)-Carlsen,M (2842) Biel 2018}) 13. Qe3 Nc6 14. O-O Rc8 15. Bb1 Qe7 16. Rfd1 Na5 17. h4 $146 ({Predecessor:} 17. e5 Rxc1 18. Rxc1 Rc8 19. Rxc8+ Bxc8 {½-½ (42) Gaitan,J (2181)-Filion,C (2230) Banfield 2011}) 17... Rxc1 18. Rxc1 Rc8 {The position is equal.} 19. Rxc8+ Bxc8 20. Qf4 h6 21. Bd3 Qd8 22. h5 Nc6 23. Qc1 Bb7 24. Qc3 Qd6 25. a3 Ne7 26. Ne5 Nc6 27. Nf3 Ne7 28. Ne5 Nc6 29. Nf3 {Accuracy: White = 63%, Black = 66%.} 1/2-1/2

[Event "US-ch Open 2019"]
[Site "Saint Louis"]
[Date "2019.03.30"]
[Round "10.2"]
[White "Caruana, Fabiano"]
[Black "Lenderman, Aleksandr"]
[Result "1-0"]
[WhiteElo "2828"]
[BlackElo "2637"]
[Annotator "TA"]
[PlyCount "93"]
[EventDate "2019.03.20"]
[EventType "swiss"]
[EventCountry "USA"]
[SourceTitle "playchess.com"]
[Source "ChessBase"]
[SourceQuality "1"]

{[%evp 13,93,32,33,33,38,17,23,32,27,27,32,22,50,58,50,27,46,38,52,28,28,27,27,20,12,20,20,17,17,20,16,14,29,22,36,28,34,34,38,25,61,50,69,68,104,97,109,110,127,119,166,172,237,232,230,216,264,200,277,277,277,277,334,348,362,348,471,454,534,535,537,541,627,617,604,602,902,908,2300,2264,2304,1885]} 1. e4 e5 2. Nf3 Nf6 3. Nxe5 d6 4. Nf3 Nxe4 5. Nc3 Nf6 6. d4 Be7 7. Bd3 O-O 8. O-O {C42: Petroff Defence: 3 Nxe5 and unusual White 3rd moves} Nc6 9. d5 (9. Re1 Nb4 10. Bc4 d5 11. Bb3 c6 12. Ne2 Ne4 13. c3 Na6 14. Ng3 Nd6 15. Bc2 Nc7 {½-½ (33) Giri,A (2780)-Yu,Y (2764) Shenzhen 2018}) 9... Nb4 10. Be2 {White has an edge.} c6 11. dxc6 bxc6 12. a3 Nbd5 $146 ({Predecessor:} 12... Na6 13. Bd3 Nc5 14. Re1 Nxd3 15. Qxd3 {1-0 (46) Cook,P-D'Emilia,J LSS email 2006}) 13. Nxd5 Nxd5 14. Nd4 Bd7 15. Bf3 Rc8 16. Bxd5 cxd5 17. Be3 Bf6 18. Qd2 Qc7 19. h3 Rfe8 20. Rfe1 h6 21. c3 Qb7 22. Nf3 Re6 23. Bd4 {And now Rxe6 would win.} Be7 24. b4 {[%cal Bb2b4,Bb4b5][%mdl 32]} a6 25. a4 Re8 26. Kh2 Re4 27. Reb1 $40 {[%mdl 128] White has some attack.} Bd8 {[#]} 28. b5 $1 {[%mdl 512]} a5 (28... axb5 29. axb5) 29. Rb2 Qa8 30. Qd3 Qb7 {[#]} 31. Nd2 $1 Rf4 32. Nb3 Bf5 (32... Qa8 $142 33. Qg3 Bg5) 33. Qg3 $18 {[%csl Gd4][%cal Rg3g7]} g5 {[#]} 34. b6 $1 {[%mdl 512]} Qa6 (34... Bxb6 35. Nxa5) 35. Nd2 {aiming for Be3.} Bd7 36. Rab1 {Threatens to win with b7.} Qb7 {[#]} 37. Nb3 $1 Qa6 ({Much worse is} 37... Bxb6 38. Nd2 $18) 38. Nc1 {Hoping for b7.} Qb7 39. Nd3 Rxd4 40. cxd4 {White is clearly winning.} Re6 41. Nf4 Re4 42. Ne2 Bxa4 43. Nc3 Rxd4 {Black hopes to continue with ...Bc6.} 44. Qxd6 Be7 45. Qe5 Re4 46. Nxe4 dxe4 47. Rc1 {Accuracy: White = 85%, Black = 30%.} 1-0

[Event "US-ch Open 2019"]
[Site "Saint Louis"]
[Date "2019.03.30"]
[Round "10.3"]
[White "Sevian, Samuel"]
[Black "So, Wesley"]
[Result "1/2-1/2"]
[WhiteElo "2642"]
[BlackElo "2762"]
[Annotator "TA"]
[PlyCount "108"]
[EventDate "2019.03.20"]
[EventType "swiss"]
[EventCountry "USA"]
[SourceTitle "playchess.com"]
[Source "ChessBase"]
[SourceQuality "1"]

{[%evp 17,108,0,0,0,18,0,22,0,8,7,8,0,0,0,25,19,25,29,44,39,89,90,79,63,61,58,52,60,47,54,58,54,54,52,50,52,41,41,45,47,53,54,53,56,65,63,61,61,60,49,83,83,84,84,96,91,91,91,91,91,116,127,124,124,124,108,131,106,106,106,120,116,131,124,131,77,248,248,303,303,303,35,37,44,44,44,151,80,133,0,0,0,174]} 1. e4 e5 2. Nf3 Nc6 3. Bc4 Bc5 4. c3 Nf6 5. d4 exd4 6. e5 d5 7. Bb5 Ne4 8. cxd4 Bb6 9. Nc3 O-O 10. Be3 {C54: Giuoco Piano: 4 c3 Nf6, main lines with 5 d4 and 5 d3} Bg4 11. h3 Bh5 12. Qc2 Bg6 {Strongly threatening ...Nxc3.} 13. Qb3 Ne7 14. O-O c6 15. Bd3 Nf5 (15... Nd2 16. Nxd2 Bxd3 17. Rfd1 Bg6 {0-1 (58) Aronian,L (2767)-Nakamura,H (2777) chess.com INT 2018}) 16. Rfe1 {[#]} Ba5 $146 ({Predecessor:} 16... Nxe3 17. Rxe3 Ng5 18. Bxg6 fxg6 {½-½ (46) Firouzja,A (2582)-Sunilduth Lyna,N (2573) Manavgat 2018}) 17. Rad1 Bxc3 18. bxc3 c5 {Threatens to win with ...c4.} 19. Bxe4 dxe4 20. Nd2 Bh5 21. Rc1 cxd4 22. cxd4 Nxd4 23. Bxd4 ({Much weaker is} 23. Qxb7 Ne2+ 24. Rxe2 Bxe2 $15) 23... Qxd4 24. Nxe4 Rae8 25. Ng3 Rxe5 26. Rxe5 Qxe5 27. Qxb7 a5 28. Qc7 Qxc7 $1 29. Rxc7 $14 {[%mdl 4096] Endgame KRB-KRN} Bd1 30. Ra7 a4 31. Nf5 Rd8 32. Ne3 h6 33. Kf1 Rd4 34. f3 Rd3 35. Kf2 Bc2 {[%mdl 64] Decoy} 36. Nxc2 $16 {KRN-KR} Rd2+ 37. Kg3 Rxc2 38. Rxa4 {KR-KR} g5 39. h4 Kg7 40. h5 Rd2 41. Kh3 Rf2 42. Ra8 Rc2 43. a4 Rc4 44. g3 Rb4 45. a5 Ra4 46. a6 (46. Ra7 $142) 46... Kf6 $2 {[#]} (46... Ra2 $16 {keeps fighting.}) 47. Kg2 $1 $18 Ra3 48. Kf2 Kf5 49. Ke2 $2 (49. a7 $18) 49... g4 50. fxg4+ Kxg4 51. a7 {And now Rg8+ would win.} Kf5 {[#]} ({Better is} 51... Ra2+ $14 52. Ke3 Kh3) 52. g4+ $1 {[%mdl 512]} Kf6 $16 {[#]} (52... Kxg4 53. Rg8+) 53. g5+ $1 {[%mdl 512]} Kg7 $1 $11 (53... Kxg5 54. Rg8+) 54. gxh6+ $2 (54. g6 $11 fxg6 55. hxg6) 54... Kh7 {Accuracy: White = 68%, Black = 55%.} 1/2-1/2

[Event "US-ch Open 2019"]
[Site "Saint Louis"]
[Date "2019.03.30"]
[Round "10.4"]
[White "Liang, Awonder"]
[Black "Xiong, Jeffery"]
[Result "1/2-1/2"]
[WhiteElo "2590"]
[BlackElo "2663"]
[Annotator "TA"]
[PlyCount "69"]
[EventDate "2019.03.20"]
[EventType "swiss"]
[EventCountry "USA"]
[SourceTitle "playchess.com"]
[Source "ChessBase"]
[SourceQuality "1"]

{[%evp 20,69,28,22,26,20,36,21,48,43,33,29,41,25,79,27,70,60,66,44,30,21,26,22,47,61,193,38,31,34,46,52,47,25,20,29,10,23,181,61,69,64,61,48,91,0,0,0,95,0,3,0]} 1. e4 c6 2. Nc3 d5 3. Nf3 g6 4. d4 Bg7 5. h3 dxe4 6. Nxe4 Nf6 7. Bd3 O-O 8. O-O Nxe4 9. Bxe4 Nd7 10. c3 c5 11. Bc2 cxd4 {B15: Caro-Kann: 3 Nc3: 3...g6 and 3...dxe4 4 Nxe4 Nf6 5 Nxf6+ exf6} 12. Nxd4 a6 (12... Qb6 13. Re1 e5 14. Nb3 Qc7 15. Be3 Nb6 16. Qe2 Nd5 17. Rad1 Nxe3 18. Qxe3 b6 19. Nd2 {1-0 (35) Sheng,J (2408)-Shabalov,A (2568) Philadelphia 2018}) 13. Bg5 Bf6 $146 ({Predecessor:} 13... Nf6 14. Re1 Qc7 15. Qf3 e5 16. Bxf6 exd4 17. Bxg7 Kxg7 18. Rac1 Qb6 19. cxd4 Qxd4 {1-0 (53) Kochetkova,J (2327)-Foisor,C (2398) Germany 2014}) 14. Bxf6 Nxf6 15. Re1 Re8 16. Re5 Qb6 (16... Qc7 $11 {keeps the balance.} 17. Qe2 e6) 17. Bb3 (17. Qf3 $16) 17... Nd7 18. Re3 Nc5 19. Qe2 e6 20. Re1 Bd7 21. Qf3 Ba4 22. Bc4 {aiming for b4.} Bd7 ({Black should play} 22... Qxb2 $14 23. Qf4 Rac8) 23. Qf6 $2 (23. b4 $18) 23... Qd8 $1 $14 {[%cal Rd8f6]} 24. Qf4 Rc8 {[%cal Ba8c8,Bc8c5,Bc5d5][%mdl 32]} 25. Nf3 {Strongly threatening Ne5.} b5 26. b4 (26. Ng5 {keeps more tension.} Qe7 27. Bb3 Rc6 28. Qh4 f6 29. Ne4) 26... bxc4 27. bxc5 Rxc5 28. Ne5 Qe7 $2 (28... Rf8 $11) 29. Ng4 ({White has to play} 29. Qd4 $1 $18 Rxe5 30. Rxe5) 29... f5 30. Ne5 $1 {[%mdl 1024] White has compensation.} Bc6 31. Rg3 $1 Qg7 {[#]} 32. Qd4 ({Better is} 32. Qe3 $1 $16 {[%cal Re3c5]} Qf8 33. Qd4) 32... Rd5 $11 33. Qf4 (33. Qe3 $11 Bb7 34. f4) 33... Rc5 $16 {[#]} 34. Qd4 (34. Qe3 $1 $16 {[%cal Re3c5]} Qf8 35. Qf4) 34... Rd5 $11 35. Qf4 {Accuracy: White = 34%, Black = 40%.} 1/2-1/2

[Event "US-ch Open 2019"]
[Site "Saint Louis"]
[Date "2019.03.30"]
[Round "10.5"]
[White "Akobian, Varuzhan"]
[Black "Shankland, Samuel"]
[Result "1/2-1/2"]
[WhiteElo "2625"]
[BlackElo "2731"]
[Annotator "TA"]
[PlyCount "80"]
[EventDate "2019.03.20"]
[EventType "swiss"]
[EventCountry "USA"]
[SourceTitle "playchess.com"]
[Source "ChessBase"]
[SourceQuality "1"]

{[%evp 16,80,25,0,0,0,0,-6,0,0,0,-22,-17,-20,41,0,0,0,20,20,38,42,234,62,154,168,145,153,161,81,141,163,160,66,85,81,75,34,37,27,43,66,41,51,53,0,0,0,10,0,0,0,0,0,0,0,0,0,0,0,0,0,0,0,0,0,0]} 1. d4 d5 2. c4 e6 3. Nc3 c6 4. e3 Nf6 5. Nf3 Nbd7 6. Bd3 dxc4 7. Bxc4 b5 8. Bd3 a6 9. a4 {[%cal Ra4b5]} Bb7 {D48: Semi-Slav: Meran System: 7...b5 8 Bd3 a6} (9... b4 10. Ne4 c5 11. Nxf6+ Nxf6 12. b3 Bb7 13. Bb2 cxd4 14. Bxd4 Be7 15. O-O O-O 16. Ne5 Rc8 17. Bc4 a5 18. Rc1 Nd5 19. Qf3 Ba8 20. Qg3 Bh4 {1-0 (40) Mamedyarov,S (2791)-Kezin,R (2455) Sochi 2017}) 10. b3 b4 11. Ne4 c5 12. Nxf6+ gxf6 13. Bb2 $146 ({Predecessor:} 13. O-O f5 14. Bb2 Rg8 15. Qe2 cxd4 16. Ne1 dxe3 17. Qxe3 Qg5 18. Qxg5 Rxg5 {0-1 (64) Hoenlinger,B-Rellstab,L Essen 1947}) 13... cxd4 14. exd4 Qc7 (14... Rg8 $11) 15. Rc1 Qf4 {White should prevent ...Rg8.} 16. Be2 Bd6 17. g3 $36 {[%mdl 2048] White fights for an advantage.} Qh6 18. O-O Ke7 $2 {[#]} (18... O-O $14) 19. Ne1 $2 (19. d5 $1 $18 {[%mdl 512]}) 19... Rhc8 (19... Nb6 $14) 20. Bf3 $16 Bxf3 21. Qxf3 Qg5 22. Nd3 (22. Ng2 $18) 22... h5 {[#]} ({Black should play} 22... Qd5 23. Qxd5 exd5) 23. Nc5 $1 {[%cal Rc5d7]} h4 {[#]} 24. Nxd7 ({Better is} 24. Rfe1 $1 $16 {Threatens to win with Nxd7.} hxg3 25. hxg3 Bxc5 26. dxc5) 24... Kxd7 $14 25. Qb7+ Kd8 {[%cal Rh4g3]} 26. d5 hxg3 27. dxe6 {[%csl Ge6][%cal Rb7d7]} gxf2+ 28. Kh1 {[%csl Ge6][%cal Rb7d7]} fxe6 29. Rcd1 Qc5 30. Rxf2 {White threatens Rxd6+! and mate.} Qc6+ {The position is equal.} 31. Qxc6 Rxc6 32. Rxf6 {And now Rf8+ would win.} Ke7 33. Re1 Bc7 34. Rg6 Rf8 35. Rg7+ Ke8 36. Be5 Bxe5 37. Rxe5 Rf2 38. Rg2 Rf4 39. Rge2 Kd7 40. Kg2 Rd4 {Accuracy: White = 51%, Black = 43%.} 1/2-1/2

[Event "US-ch Open 2019"]
[Site "Saint Louis"]
[Date "2019.03.30"]
[Round "10.6"]
[White "Gareyev, Timur"]
[Black "Robson, Ray"]
[Result "1-0"]
[WhiteElo "2557"]
[BlackElo "2667"]
[Annotator "TA"]
[PlyCount "53"]
[EventDate "2019.03.20"]
[EventType "swiss"]
[EventCountry "USA"]
[SourceTitle "playchess.com"]
[Source "ChessBase"]
[SourceQuality "1"]

{[%evp 16,53,22,18,16,22,-2,-25,-25,-25,-9,-12,38,39,39,17,14,0,27,37,45,46,53,53,112,114,165,159,149,142,418,425,29996,29996,29996,29997,29997,29998,29998,29999]} 1. Nf3 d5 2. d4 Nf6 3. c4 c6 4. Nbd2 Bf5 5. Nh4 Be4 6. Qb3 {D11: Slav Defence: 3 Nf3 sidelines and 3...Nf6 4 e3 Bg4} Qb6 7. f3 (7. e3 e6 8. Be2 Be7 9. Nxe4 dxe4 10. g3 c5 11. Bd2 cxd4 12. exd4 Nc6 13. Bc3 O-O-O {1-0 (49) Mamedyarov,S (2808)-So,W (2778) Leuven 2018}) 7... Qxb3 8. Nxb3 Bc2 9. Bd2 {LiveBook: 5 Games} h6 {[#] Hoping for ...g5.} 10. g4 e6 11. Rc1 Bxb3 12. axb3 Be7 $146 ({Predecessor:} 12... Nbd7) 13. Ng2 Nbd7 14. e3 e5 15. dxe5 Nxe5 16. Kf2 Ned7 17. Bc3 O-O 18. Nf4 Nc5 19. h4 {Strongly threatening g5.} Ne6 {[#]} ({Black should play} 19... d4 $14 20. exd4 Nxb3) 20. g5 $1 $16 {[%cal Rg5f6][%mdl 512]} hxg5 (20... Ne8 $16) 21. hxg5 $18 Nxg5 22. Bd3 $40 {[%mdl 128] White has strong attack.} Ne6 $2 {[%mdl 8192]} (22... Rfd8 $16 {might work better.} 23. Rcg1 dxc4 24. bxc4 (24. Bxc4 Nd5 $14) 24... Ne8) 23. Bxf6 $1 gxf6 (23... Bxf6 $18 24. Bh7+ Kh8 25. Bf5+ Kg8 26. Nxe6 fxe6) 24. Bh7+ {White mates.} Kg7 25. Nxe6+ fxe6 26. Rcg1+ Kf7 27. Bg6+ {Precision: White = 86%, Black = 22%.} 1-0

[Event "US-ch Open 2019"]
[Site "Saint Louis"]
[Date "2019.03.31"]
[Round "11.1"]
[White "Xiong, Jeffery"]
[Black "Nakamura, Hikaru"]
[Result "0-1"]
[WhiteElo "2663"]
[BlackElo "2746"]
[Annotator "TA"]
[PlyCount "116"]
[EventDate "2019.03.20"]
[EventType "swiss"]
[EventCountry "USA"]
[SourceTitle "playchess.com"]
[Source "ChessBase"]
[SourceQuality "1"]

{[%evp 15,116,37,75,73,67,50,66,18,21,33,38,22,27,17,17,17,21,17,14,2,25,0,0,-26,-32,-20,-18,-23,-6,-15,-6,-58,-45,-47,-46,-37,-18,-22,-20,-98,-16,-17,-12,-23,-29,-21,-39,-137,-62,-258,-294,-240,-300,-422,-427,-412,-300,-296,-299,-292,-266,-292,-275,-294,-293,-293,-293,-265,-224,-309,-172,-371,-371,-427,-431,-411,-425,-425,-415,-426,-416,-629,-625,-612,-613,-600,-597,-1499,-615,-1895,-1823,-1072,-1002,-29991,-29992,-2613,-2609,-29974,-11705,-29956,-5318,-5318,-1950]} 1. d4 f5 2. Nf3 Nf6 3. c4 g6 4. g3 Bg7 5. Bg2 O-O 6. O-O d6 7. Nc3 Nc6 8. d5 Na5 9. b3 {A89: Dutch Defence: Leningrad System: 5 Nf3 0-0 6 0-0 d6 7 Nc3 Nc6} (9. Nd2 c5 10. Qc2 a6 11. b3 b5 12. Bb2 Bd7 13. e3 Rb8 14. Rab1 Qe8 15. Ne2 bxc4 16. bxc4 Ba4 17. Qd3 Bd7 18. Qa3 Nb7 19. Qxa6 {1-0 (62) Karjakin,S (2783)-Nepomniachtchi,I (2751) chess.com INT 2017}) 9... c5 10. Bb2 a6 11. Ng5 {White is slightly better.} Rb8 12. Qd3 Qe8 13. Nd1 b5 14. Qd2 Nb7 15. Ne3 Nd8 16. Nh3 $146 ({Predecessor:} 16. Rab1 h6 17. Nh3 Ne4 18. Bxe4 fxe4 19. Bxg7 Kxg7 {1-0 (33) Paluch,A-Ackley,P (1946) ICCF email 2011}) 16... Bd7 17. Rad1 b4 18. Qc2 a5 {[%cal Ba6a5,Ba5a4][%mdl 32]} 19. Nf4 a4 20. h4 Ra8 21. Qb1 Ra6 22. Bf3 Qf7 23. Neg2 ({Better is} 23. Rd2 $11) 23... Ng4 24. Bxg4 fxg4 25. e4 Bxb2 26. Qxb2 Qg7 27. Qxg7+ Kxg7 28. e5 $1 Bf5 $36 {[%mdl 2048] Black is pushing.} 29. exd6 exd6 30. Rfe1 Nf7 31. Re7 (31. Ne6+ $15 Bxe6 32. dxe6) 31... Kf6 (31... axb3 $17 32. axb3 Kf6 33. Re6+ (33. Rde1 $2 Ne5 $19) 33... Bxe6 34. dxe6 Ne5 35. Nd5+ Kg7) 32. Rb7 $2 ({Wrong is} 32. Rde1 $2 Ne5 $19) ({White has to play} 32. Re6+ $1 $15 Bxe6 33. dxe6) 32... axb3 33. axb3 Rfa8 34. Ne3 (34. Kf1 {was necessary.} Ra1 35. Ne3) 34... Ra1 $19 {[#] And now ...Rxd1+ would win.} 35. Kf1 Ne5 36. Rxa1 Rxa1+ 37. Ke2 Nf3 {[%csl Gf3][%cal Ra1e1]} 38. Nxf5 Kxf5 {[%mdl 4096] Endgame KRN-KRN} 39. Ke3 {White wants to mate with Rf7+.} Re1+ 40. Kd3 Ne5+ 41. Kd2 Ra1 42. Ne6 h6 (42... Ra3 $142 43. Rb8 Nf3+ 44. Kc2 Ra2+ 45. Kd3 Rb2 46. Rf8+ Ke5) 43. Rb6 $2 (43. Re7) 43... Ra3 44. Kc2 Ra2+ 45. Kd1 Nd3 46. Rxd6 Nxf2+ 47. Ke1 Nd3+ 48. Kd1 {[#]} (48. Kf1 $142 Ke4 49. Nf4 Nxf4 50. gxf4) 48... Ke4 $1 {[%cal Re4e3] ( -> ...Ke3)} 49. Nc7 Nf2+ 50. Ke1 Kd3 51. Rxg6 Ne4 (51... Nh1 $142 52. Kf1 Nxg3+ 53. Kg1 Ne2+ 54. Kf1 Ke3) 52. Kf1 Nxg3+ 53. Kg1 Ne2+ 54. Kh1 Ke3 55. Rf6 Ra1+ 56. Kg2 Rg1+ 57. Kh2 g3+ 58. Kh3 Rh1+ {Accuracy: White = 44%, Black = 79%.} (58... Nf4+ $142 59. Kg4 g2) 0-1

[Event "US-ch Open 2019"]
[Site "Saint Louis"]
[Date "2019.03.31"]
[Round "11.2"]
[White "Dominguez Perez, Leinier"]
[Black "Gareyev, Timur"]
[Result "1/2-1/2"]
[WhiteElo "2739"]
[BlackElo "2557"]
[Annotator "TA"]
[PlyCount "154"]
[EventDate "2019.03.20"]
[EventType "swiss"]
[EventCountry "USA"]
[SourceTitle "playchess.com"]
[Source "ChessBase"]
[SourceQuality "1"]

{[%evp 14,154,20,8,24,0,0,0,0,-5,-4,-4,44,37,20,27,68,60,65,41,78,81,83,31,83,74,54,40,67,60,63,66,51,57,49,42,116,98,146,32,24,33,35,24,25,24,112,108,102,24,39,8,15,8,8,8,8,3,8,4,4,8,15,14,14,15,14,0,12,12,25,0,0,8,14,0,0,0,0,0,16,16,16,16,20,23,37,37,37,37,37,37,37,0,37,37,45,45,0,0,45,45,45,15,15,0,45,45,45,45,45,45,45,45,45,45,234,8,8,8,8,8,8,8,8,8,8,8,8,8,8,0,8,0,8,8,8,0,0,0,8,0,8]} 1. e4 c5 2. Nf3 Nc6 3. d4 cxd4 4. Nxd4 Nf6 5. Nc3 d6 6. f3 e5 7. Nb3 Be6 8. Nd5 Be7 {B56: Classical Sicilian: Unusual Lines} 9. c4 O-O 10. Be3 a5 11. Qd2 a4 12. Nc1 Nd7 13. Ne2 {[#]} f5 $146 ({Predecessor:} 13... h6 14. Nxe7+ Qxe7 15. Nc3 Nc5 {1-0 (33) Ivanchuk,V (2739)-Dziuba,M (2573) Warsaw 2009}) 14. exf5 Bxf5 15. Nec3 Nc5 16. Be2 Bh4+ 17. g3 Bf6 18. Rd1 (18. O-O $16) 18... Ne6 (18... Bh3 $14) 19. O-O $16 Ncd4 20. Bd3 Bh3 21. Rf2 Bg5 22. Bf1 Bxf1 23. Rdxf1 Bxe3 24. Qxe3 Rc8 (24... Qe8 $14) 25. f4 $1 Rxc4 {[#]} 26. fxe5 ({White must play} 26. f5 $1 $16 {[%cal Rf5e6]} Ng5 27. Kg2) 26... Rxf2 $1 $14 27. Rxf2 Rc5 28. Kg2 h6 29. h4 Nc6 {[#]} (29... dxe5 $11 30. Qxe5 a3) 30. exd6 $1 $16 Qxd6 31. Rd2 ({Reject} 31. Qf3 Kh8 $11) ({Better is} 31. Qe4 $16 Ncd4 32. a3) 31... Ncd4 $1 $11 32. Rxd4 (32. Qe4 {keeps more tension.} a3 33. bxa3 Kh8 34. a4 Qc6 35. Nb4) 32... Nxd4 33. Qxd4 {Black must now prevent Nf6+!} a3 $1 34. Nf6+ Qxf6 35. Qxc5 axb2 36. Qd5+ Kh8 $132 {[%mdl 2048] Black is not holding back} 37. Nb1 Qg6 38. Qd1 Qe4+ 39. Kf2 Qf5+ 40. Kg2 Qe4+ 41. Kh2 Qf5 42. h5 Qf2+ 43. Kh3 Qf5+ 44. g4 Qe4 45. Kg3 b5 46. a3 b4 47. axb4 Qxb4 48. Qd8+ Kh7 {Hoping for ...Qe1+.} 49. Qd3+ Kh8 50. Qf5 Qd4 51. Kf3 Kg8 52. Ke2 Kh8 53. Kf3 ({Don't play} 53. Qc8+ Kh7 $16) 53... Kg8 54. Qe6+ Kh8 55. Ke2 Kh7 56. Qf5+ Kh8 57. Nd2 Qc3 58. Qf8+ Kh7 59. Qf5+ Kh8 60. Qe4 Kg8 61. Qd5+ Kh8 62. Qd8+ Kh7 63. Qd3+ Qxd3+ 64. Kxd3 $14 {[%mdl 4096] Endgame KN-K3P} g6 $2 (64... Kh8 $14 65. Kc2 g6 66. hxg6 Kg7) 65. Kc2 $2 ({White should play} 65. Ke4 $18) 65... Kg7 {The position is equal.} 66. Ne4 ({Not} 66. Kxb2 gxh5 67. gxh5 Kf6 $18) 66... gxh5 67. gxh5 Kf7 68. Kxb2 $11 {Threatens to win with Kc3. KN-KP} Ke6 69. Kc3 Kf5 70. Kd4 Kg4 71. Nf6+ Kf5 $1 72. Ne4 {And now Kd5 would win.} Kg4 73. Nf6+ Kf5 $1 74. Ne8 {Strongly threatening Kd5.} Kg5 75. Ng7 {White threatens Ke5 and mate.} Kf6 $1 76. Ne8+ Kg5 77. Ng7 {Threatening mate with Ke5.} Kf6 $1 {Accuracy: White = 46%, Black = 64%.} 1/2-1/2